Κατάλογος Βιβλιοθηκών Mediterranean College

Global Advertising / Rhyme Or Reason? (Record no. 1645)

MARC details
000 -LEADER
fixed length control field 01294cam a22002054a 4500
005 - ΗΜΕΡΟΜΗΝΙΑ ΚΑΙ ΩΡΑ ΤΕΛΕΥΤΑΙΑΣ ΕΝΗΜΕΡΩΣΗΣ
Πεδίο ελέγχου 20250605164015.0
008 - FIXED-LENGTH DATA ELEMENTS--GENERAL INFORMATION
Πεδίο ελέγχου σταθερού μήκους 250528s ||||||||||||||||||||||||d
035 ## - SYSTEM CONTROL NUMBER
System control number 16108
020 ## - ISBN
ISBN 1853961434
040 ## - ΠΗΓΗ ΚΑΤΑΛΟΓΟΓΡΑΦΗΣΗΣ
Φορέας πρωτότυπης καταλογογράφησης MC Athens Campus Library
Γλώσσα καταλογογράφησης Ελληνικά, Μοντέρνα (1453-)
Modifying agency MC Athens Campus Library
Κανόνες περιγραφικής καταλογογράφησης AACR2
245 1# - ΤΙΤΛΟΣ ΚΑΙ ΔΗΛΩΣΗ ΥΠΕΥΘΥΝΟΤΗΤΑΣ
Τίτλος Global Advertising / Rhyme Or Reason?
260 ## - PUBLICATION, DISTRIBUTION, ETC.
Name of publisher, distributor, etc. Paul Chapman Publishing,
Date of publication, distribution, etc. 1992
300 ## - PHYSICAL DESCRIPTION
Extent 146
505 0# - FORMATTED CONTENTS NOTE
Formatted contents note Foreword, Preface, Getting Started, To Globalise or Not to Globalise: The Current State of the Debate, Marching on With a Different Drummer: What the Future Holds, The Urge to Power: HQ's Role in Advertising, Big Brother: The Agency Head Office or the Client's HQ, Making the Good Better: Account Executives and Global Campaigns, Your Campaign Has the Right to Be Global Too, Concluding Remarks, Index.
520 ## - SUMMARY, ETC.
Summary, etc. Foreword, Preface, Getting Started, To Globalise or Not to Globalise: The Current State of the Debate, Marching on With a Different Drummer: What the Future Holds, The Urge to Power: HQ's Role in Advertising, Big Brother: The Agency Head Office or the Client's HQ, Making the Good Better: Account Executives and Global Campaigns, Your Campaign Has the Right to Be Global Too, Concluding Remarks, Index.
700 1# - ΠΡΟΣΘΕΤΗ ΑΝΑΓΡΑΦΗ--ΦΥΣΙΚΟ ΠΡΟΣΩΠΟ
Personal name Vardar Nukhet
9 (RLIN) 2147
942 ## - ADDED ENTRY ELEMENTS (KOHA)
Koha item type Books
Holdings
Τύπος τεκμηρίου Βιβλιοθήκη Τρέχουσα τοποθεσία Barcode Αριθμός εισαγωγής Ημερομηνία απόκτησης Ταξιθετικό σύμβολο Αριθμός αντιτύπου Κατάσταση απόσυρσης Κατάσταση χαμένου Κατάσταση κατεστραμμένου Μη δανεισμός Σύνολο δανεισμών Ημερομηνία τελευταίας εμφάνισης Η τιμή ισχύει από
Books MC Athens Campus Library MC Athens Campus Library 9780000016447 2737 05/06/2025 659.1068 VAR 2           05/06/2025 05/06/2025

MC Athens Campus Library
Πατησίων 94 & Κοδριγκτώνος 13, 104 34
Πελλήνης 8 & Πατησίων 107, 112 51
Τ: +30 210 8899600

MC Thessaloniki Campus Library
Ίωνος Δραγούμη 21, 54625 | Ίωνος Δραγούμη 15, 54625
Τ: +30 2310 287779 – Τ: +30 2314 440300